Egy Duna-Tisza közi mintaterület komplex természetföldrajzi tájelemzése

Elmentve itt :
Bibliográfiai részletek
Szerző: Hajnal Klára
További közreműködők: nincs megadva (Témavezető)
Dokumentumtípus: Disszertáció
Megjelent: 1986
Kulcsszavak:Földrajz
Tárgyszavak:
Online Access:http://doktori.ek.szte.hu/6113
LEADER 00840nta a2200217 i 4500
001 dokt6113
005 20240116093214.0
008 220621s1986 hu om 0|| hun d
040 |a SZTE Doktori Repozitórium  |b hun 
041 |a hun 
100 1 |a Hajnal Klára 
245 1 0 |a Egy Duna-Tisza közi mintaterület komplex természetföldrajzi tájelemzése  |h [elektronikus dokumentum] /  |c  Hajnal Klára 
260 |c 1986 
502 |a Disszertacio 
650 4 |a földtudományok 
650 4 |a Természettudományok 
650 4 |a Föld- és kapcsolódó környezettudományok 
695 |a Földrajz 
700 1 |a nincs megadva  |e ths 
856 4 0 |u https://doktori.bibl.u-szeged.hu/id/eprint/6113/1/1986_hajnal_klara.pdf  |z Dokumentum-elérés  
856 4 0 |u https://doktori.bibl.u-szeged.hu/id/eprint/6113/3/1986_hajnal_klara_melleklet.pdf  |z Dokumentum-elérés